Keihäänheitto: Suomen kaikkien aikojen tilasto (miehet) - Statistics

Yleistilastot
  • Tätä visaa on pelattu 176 kertaa
  • Keskiarvotulos 10 / 20
Vastaustilastot
Tulos Vastaus Vuodelta % Oikein
91,53 Tero Pitkämäki 2005
99%
90,60 Seppo Räty 1992
92%
88,98 Antti Ruuskanen 2015
88%
89,83 Oliver Helander 2022
83%
93,09 Aki Parviainen 1999
79%
86,44 Lassi Etelätalo 2022
75%
85,96 Kimmo Kinnunen 1999
74%
86,82 Ari Mannio 2015
56%
87,23 Teemu Wirkkala 2009
55%
86,50 Tapio Korjus 1988
46%
85,03 Toni Kuusela 2021
46%
86,68 Tero Järvenpää 2008
44%
86,63 Harri Haatainen 2001
38%
88,22 Juha Laukkanen 1992
29%
88,24 Matti Närhi 1997
27%
87,82 Harri Hakkarainen 1995
24%
84,12 Jarkko Koski-Vähälä 2005
20%
84,26 Sami Saksio 1997
19%
85,18 Ari Pakarinen 1995
17%
84,27 Esko Mikkola 2004
13%
Ehtoja vastaavia visoja ei löytynyt
Tulosjakauma
Jokaisen tuloksen saaneiden osuus
Persentiili vastausten määrän mukaan
Tuloshistoriasi
Et ole pelannut tätä visaa